000 00821nam a2200265 a 4500
001 67923
003 BD-RjUL
005 20211209081718.0
008 170404s1979 us a b 001 0 eng d
020 _a0130501042
035 _a(BD-RjUL)68132
040 _aBD-RjUL
_beng
_cBD-RjUL
041 _aeng
082 _223
_a551.5
_bLUA 1979
100 1 _aLutgens, Frederick K.
_9201340
245 1 4 _aThe atmosphere :
_ban introduction to meteorology /
_cFrederick K. Lutgens, Edward J. Tarbuck.
260 _aEnglewood Cliffs, N.J :
_bPrentice-Hall,
_cc1979.
300 _axv, 413 p :
_bill ;
_c23 cm
504 _aIncludes bibliographical references and index
650 0 _aAtmosphere.
_9201341
650 0 _aMeteorology
_9201342
650 0 _aWeather
_9200691
700 1 _aTarbuck, Edward J.
_9201343
942 _2ddc
_cBK
999 _c67923
_d67923